000
00295nam a22001337a 4500
003
SGT
082
_a
617.601
_b
A18R
100
_a
RAINA, SONIA
245
_a
ASSESSMENT OF THE HEALTH STATUS
260
_a
SGTU
_c
2018
300
_a
110
650
_a
PUBLIC HEATH DENTISTRY DENTAL
942
_2
ddc
_c
TH
999
_c
20574
_d
20574